000 00773nam a2200229 a 4500
008
020 _a1860581625 (hbk. )
049 _aMAIN
090 _aTJ735 INS
110 _aInstitution of Mechanical Engineers
245 1 0 _aSteam Turbine Governing and Overspeed Protection
_cInstitution of Mechanical Engineers.
260 _aLondon :
_bInstitution of Mechanical Engineers,
_c1998.
300 _a91 p. :
_bill. 25 cm.
440 _aIMechE Seminar Publication 1998-10
500 _aincludes bibliographical references.
650 1 _aSteam Turbine
_xGoverning and Overspeed Protection
907 _a.b10202675
_b10-09-07
_c15-05-06
003
005 20230123134214.0
040 _cNUST
942 _cBOOKS
_kTJ735 INS
999 _c161869
_d161869